Central Library OPAC University of Rajshahi

The treasure of the Copper scroll : (Record no. 69215)

MARC details
000 -LEADER
fixed length control field 00839nam a2200229 a 4500
001 - CONTROL NUMBER
control field 69215
003 - CONTROL NUMBER IDENTIFIER
rucl marc code BD-RjUL
005 - DATE AND TIME OF LATEST TRANSACTION
control field 20211209081848.0
008 - FIXED-LENGTH DATA ELEMENTS--GENERAL INFORMATION
fixed length control field 170410s1960 nyua 001 0 eng u
035 ## - SYSTEM CONTROL NUMBER
System control number (BD-RjUL)69426
040 ## - CATALOGING SOURCE
Original cataloging agency BD-RjUL
Language of cataloging eng
Transcribing agency BD-RjUL
041 1# - LANGUAGE CODE
Language code of text/sound track or separate title eng
-- heb
Language code of original heb
082 ## - DEWEY DECIMAL CLASSIFICATION NUMBER
Edition number 23
Classification number 913
Author mark and year ALT 1960
100 1# - MAIN ENTRY--PERSONAL NAME
Personal name Allegro, John Marco,
Dates associated with a name 1923-
9 (RLIN) 205069
245 14 - TITLE STATEMENT
Title The treasure of the Copper scroll :
Remainder of title the opening and decipherment of the most mysterious of the Dead Sea scrolls, a unique inventory of buried treasure /
Statement of responsibility, etc. by John Marco Allegro.
260 ## - PUBLICATION, DISTRIBUTION, ETC. (IMPRINT)
Place of publication, distribution, etc. Garden City, N.Y. :
Name of publisher, distributor, etc. Doubleday,
Date of publication, distribution, etc. c1960.
300 ## - PHYSICAL DESCRIPTION
Pagination 191 p. :
Illustrations ill. ;
Size 27 cm.
504 ## - BIBLIOGRAPHY, ETC. NOTE
Bibliography, etc Includes bibliographical references and index..
650 #0 - SUBJECT ADDED ENTRY--TOPICAL TERM
Topical term or geographic name as entry element Treasure troves
Geographic subdivision Palestine.
9 (RLIN) 205070
Topical term or geographic name as entry element Zealots (Jewish party).
9 (RLIN) 205071
942 ## - ADDED ENTRY ELEMENTS (KOHA)
Source of classification or shelving scheme Dewey Decimal Classification
Koha item type Books
Holdings
Lost status Source of classification or shelving scheme Damaged status Not for loan Collection code Permanent Location Current Location Shelving location Date acquired Source of acquisition Cost, normal purchase price Total Checkouts Full call number Date last seen Copy number Koha item type
  Dewey Decimal Classification   Not For Loan Non-fiction Central Library, University of Rajshahi Central Library, University of Rajshahi Reading Room 19/07/1968 Sweets & Zuitlinger 35.00   913 ALT 1960 10/04/2017 C-1 Books